000 00906nam a22003017a 4500
003 EC-QuCCB
005 20260408162056.0
007 ta
008 230210s2013 ec a|||gr|||| 000 | spa d
040 _aEC-QuCCB
041 0 _aspa
082 _a700.866
_bC3146
084 _aMICCEb003160
100 1 _aCarrera, Eduardo,
_d1955-
_944253
245 _aNo lugar :
_bantología de proyectos 2010 . 2013
_cEduardo Carrera, Consuelo Crespo, Mónica Herrera
260 _aCuenca, Ecuador :
_bCasa de la Cultura Ecuatoriana. Núcleo del Azuay,
_c2013
300 _a77 páginas :
_bilustraciones,
_c21 cm
336 _atexto
_btxt
337 _ano mediado
_bn
338 _avolumen
_bnc
590 _apgc
590 _acbn
650 4 _911021
_aArte ecuatoriano
650 4 _915268
_aProyectos de desarrollo
700 1 _aCrespo, Consuelo,
_944483
700 1 _aHerrera, Monica,
_944484
942 _2loc
_cBK
999 _c79316
_d79316